| 000 | 00554cam a22002052 4500 | ||
|---|---|---|---|
| 001 | 0000000173 | ||
| 005 | 20151217151745.0 | ||
| 008 | 070112s xx 000 0 eng d | ||
| 020 | _cKES | ||
| 040 |
_aKABU _cKABU |
||
| 100 | 1 |
_aHick, John H. _@0000148248 |
|
| 245 | 1 | 0 |
_aPhilosophy of religion / _cJohn H. Hick. |
| 250 | _a4th ed. | ||
| 260 |
_aDelhi : _bPearson Educ., _c1990. |
||
| 300 | _aix, 148 p. | ||
| 650 | 0 |
_aReligion _xPhilosophy. _@0000148249 |
|
| 908 | _a070112 | ||
| 950 | _@1 | ||
| 999 |
_c4743 _d4743 |
||